| 000 | 01075cam a2200337 i 4500 | ||
|---|---|---|---|
| 999 |
_c200443242 _d61454 |
||
| 001 | 200443242 | ||
| 003 | TR-AnTOB | ||
| 005 | 20230809001352.0 | ||
| 007 | ta | ||
| 008 | 030408s1996 tu b 000 0 tur d | ||
| 020 | _a9753951981 | ||
| 040 |
_aTR-IsYBT _beng _erda _cTR-AnTOB |
||
| 041 | 0 | _atur | |
| 050 | _aHC492 | ||
| 090 |
_aTOBBK HC492 _bG44 1996 |
||
| 245 | 0 | 0 |
_aGelişme stratejileri: workshop: panel / _cTürk Mühendis ve Mimar Odaları Birliği. |
| 264 | 1 |
_aAnkara : _bTürk Mühendis ve Mimar Odaları Birliği, _c1996. |
|
| 300 |
_aviii, 211 pages: tbl. _b tbl. _c24 cm. |
||
| 336 |
_atext _btxt _2rdacontent |
||
| 337 |
_aunmediated _bn _2rdamedia |
||
| 338 |
_avolume _bnc _2rdacarrier |
||
| 490 | 0 |
_aWorkshop dizisi ; _v1 |
|
| 504 | _aBIB | ||
| 650 | 7 |
_aEkonomik kalkınma _zTürkiye _2etuturkob _965309 |
|
| 650 | _aEkonomic develoment. | ||
| 651 | 7 |
_aTürkiye _xEkonomi politikası _2 _911070 |
|
| 710 | 2 |
_aTürk Mühendis ve Mimar Odaları Birliği _9131938 |
|
| 942 |
_2z _cBK |
||